Computer algorithms (Record no. 5996)

MARC details
000 -LEADER
fixed length control field 00568 a2200193 4500
001 - CONTROL NUMBER
control field 131529
003 - CONTROL NUMBER IDENTIFIER
control field OSt
005 - DATE AND TIME OF LATEST TRANSACTION
control field 20210914152232.0
008 - FIXED-LENGTH DATA ELEMENTS--GENERAL INFORMATION
fixed length control field
082 ## - DEWEY DECIMAL CLASSIFICATION NUMBER
Classification number 519.7
Item number H78C
100 1# - MAIN ENTRY--PERSONAL NAME
Personal name Horowitz, Ellis
245 1# - TITLE STATEMENT
Title Computer algorithms
Statement of responsibility, etc by Ellis Horowitz, Sartaj Sahni and Sanguthevar Rajasekaran
260 ## - PUBLICATION, DISTRIBUTION, ETC. (IMPRINT)
Place of publication, distribution, etc New Delhi
Name of publisher, distributor, etc Galgotia Pub.
Date of publication, distribution, etc 2011
300 ## - PHYSICAL DESCRIPTION
Extent 769p.
690 ## - LOCAL SUBJECT ADDED ENTRY--TOPICAL TERM (OCLC, RLIN)
Topical term or geographic name as entry element Pseudocode (Computer program language); Computer algorithms
700 ## - ADDED ENTRY--PERSONAL NAME
Personal name Sahni, Sartaj
700 ## - ADDED ENTRY--PERSONAL NAME
Personal name Rajasekaran, Sanguthevar
942 ## - ADDED ENTRY ELEMENTS (KOHA)
Source of classification or shelving scheme Dewey Decimal Classification
Koha item type Books
Holdings
Withdrawn status Lost status Source of classification or shelving scheme Damaged status Not for loan Collection code Home library Current library Date acquired Source of acquisition Cost, normal purchase price Full call number Barcode Date last seen Price effective from Koha item type
    Dewey Decimal Classification     General Text Book Central University Of Rajasthan Central University Of Rajasthan 08/06/2012 CSC 410.00 519.7 H78C 7609 21/11/2024 02/09/2020 Books